| 000 | 00786cam a2200205La 4500 | ||
|---|---|---|---|
| 020 | _a0585308209 (electronic bk.) | ||
| 082 | 0 | 4 |
_a620.00151535 _bCRI _cL-39, P-163 |
| 100 | 1 |
_aCrisfield, M. A. _940151 |
|
| 245 | 1 | 0 |
_aNon-linear finite element analysis of solids and structures _cM.A. Crisfield. |
| 260 |
_aChichester ; _aNew York : _bWiley, _cc1991. |
||
| 300 |
_a508 p. : _bill. ; _c26 cm. |
||
| 505 | 0 | _av. 1. Essentials -- v. 2. Advanced topics. | |
| 526 |
_a0 _b0 _c0 _d620_001515350000000_CRI |
||
| 650 | 0 |
_aFinite element method _xData processing. _920057 |
|
| 650 | 0 |
_aMCE _9379 |
|
| 650 | 0 |
_aStructural analysis (Engineering) _xData processing. _940515 |
|
| 710 | 2 |
_aNetLibrary, Inc. _935918 |
|
| 856 | 4 | _uhttp://www.columbia.edu/cgi-bin/cul/resolve?clio4248920 | |
| 942 |
_2ddc _cBK |
||
| 999 |
_c544779 _d544779 |
||